PAISES PERO SIN GRAVEDAD 1 - Estadísticas

Estadísticas generales
  • Esta prueba ha sido intentada 39 veces
  • La puntuación promedio es 13 de 16
Estadísticas de respuestas
Imagen Respuesta % Correcto
BRASIL
96%
PAKISTAN
93%
ANGOLA
89%
ETIOPIA
86%
GEORGIA
86%
PALAOS
86%
SUIZA
86%
BIRMANIA
79%
ALEMANIA
75%
BAHAMAS
75%
IRAN
75%
JAMAICA
75%
GAMBIA
68%
DINAMARCA
64%
MACAO
64%
HOLANDA
57%
No se encontraron pruebas coincidentes
Distribución de puntuación
Porcentaje de gente con cada puntuación
Porcentaje por número respondido
Historial de tus puntuaciones
No has intentado esta prueba.